| 000 | 00912nam a2200289 i 4500 | ||
|---|---|---|---|
| 003 | EG-GICUC | ||
| 005 | 20260318114930.0 | ||
| 008 | 260318s1975 ||| |||fr|||| 00| 0 eng d | ||
| 040 |
_aEG-GiCUC _beng _cEG-GiCUC _dEG-GiCUC _erda |
||
| 082 | 0 | 4 |
_221 _a343.1 _bCH . C |
| 092 | 0 | 4 | _221 |
| 099 | _aLaw1 10 343.1 CH . C 1975 | ||
| 100 | 1 |
_aChambliss, William J. _eAuthor. |
|
| 245 | 1 | 0 |
_aCiminal Law In Action / _cWilliam J. Chambliss. |
| 264 | 1 |
_aPlace of Publication Not Specified : _bHamilton Pub. Co, _c1975. |
|
| 300 |
_a484 pages ; _c24 cm. |
||
| 336 |
_2rda content _atext |
||
| 337 |
_2rda media _aComputer |
||
| 338 |
_2rda carrier _aOnline Resource |
||
| 546 | _aText in English | ||
| 650 | 1 |
_aCriminal Law - The general part _2qrmak |
|
| 650 | 1 |
_aCriminal Law _2qrmak |
|
| 651 | 1 | _2qrmak | |
| 856 | 4 | 0 | _uhttps://fll.law.cu.edu.eg/fulltext/bks/B10-00339.pdf |
| 905 | _a54 | ||
| 942 |
_2ddc _cBK _e21 _n0 |
||
| 999 |
_c66449 _d66449 |
||